OPAC Home

මා ඕ සමයේ අවසන් නර්තන ශිල්පියා පියාඹන අශ්වයා (Record no. 1078)

MARC details
000 -LEADER
fixed length control field 00567nam a2200181Ia 4500
008 - FIXED-LENGTH DATA ELEMENTS--GENERAL INFORMATION
fixed length control field 180921t2014 xxu||||| |||| 00| 0 sin d
041 ## - LANGUAGE CODE
Language code of text/sound track or separate title sin
080 ## - UNIVERSAL DECIMAL CLASSIFICATION NUMBER
Universal Decimal Classification number 92
Item number CUN
003 - CONTROL NUMBER IDENTIFIER
control field LK-CoDNM
040 ## - CATALOGING SOURCE
Original cataloging agency LK-CoDNM
Modifying agency LK-CoDNM
Description conventions LK-CoDNM
100 ## - MAIN ENTRY--PERSONAL NAME
Personal name Cunxin, Li
245 ## - TITLE STATEMENT
Title මා ඕ සමයේ අවසන් නර්තන ශිල්පියා පියාඹන අශ්වයා
246 ## - VARYING FORM OF TITLE
Title proper/short title Ma O Samaye Awasan Narthana Shilpiya
260 ## - PUBLICATION, DISTRIBUTION, ETC.
Name of publisher, distributor, etc. Shiksha Mandira
Place of publication, distribution, etc. Colombo
Date of publication, distribution, etc. 2014
300 ## - PHYSICAL DESCRIPTION
Other physical details 428p, 21cm
700 ## - ADDED ENTRY--PERSONAL NAME
Personal name Daya Rohana Thukorala
Relator term tr.
942 ## - ADDED ENTRY ELEMENTS (KOHA)
Koha item type Books
Holdings
Withdrawn status Lost status Damaged status Not for loan Collection Home library Current library Date acquired Full call number Barcode Date last seen Price effective from Koha item type
        Monographs Library National Museum Colombo - Sri Lanka Library National Museum Colombo - Sri Lanka 2017-10-09 92 CUN 162386 2023-06-01 2023-06-01 Books
Copyright © 2023 Department of National Museum, Colombo 07, Sri Lanka Funded by UNESCO IFAP UNESCO